الراديو و التلفزيون و الفيديو : (رقم التسجيلة. 60824)

تفاصيل مارك
000 -LEADER
fixed length control field 00740nam a22002057a 4500
005 - DATE AND TIME OF LATEST TRANSACTION
control field 20251108171250.0
008 - FIXED-LENGTH DATA ELEMENTS--GENERAL INFORMATION
fixed length control field 250721s1980 xx 000 0 ara d
082 14 - DEWEY DECIMAL CLASSIFICATION NUMBER
Classification number م/621.38103،بدر
100 1# - MAIN ENTRY--PERSONAL NAME
Personal name بدران، بدران محمد
245 10 - TITLE STATEMENT
Title الراديو و التلفزيون و الفيديو :
Remainder of title عربي مع التعاريف - إنجليزية - فرنسي - ألماني /
264 1# - PRODUCTION, PUBLICATION, DISTRIBUTION, MANUFACTURE, AND COPYRIGHT NOTICE
Place of production, publication, distribution, manufacture القاهره :
Name of producer, publisher, distributor, manufacturer مؤسسة الأهرام،
Date of production, publication, distribution, manufacture, or copyright notice 1980.
300 ## - PHYSICAL DESCRIPTION
Extent 320ص
490 0# - SERIES STATEMENT
Series statement المعاجم التكنولوجية التخصصية
650 17 - SUBJECT ADDED ENTRY--TOPICAL TERM
Topical term or geographic name as entry element التلفزيون
650 17 - SUBJECT ADDED ENTRY--TOPICAL TERM
Topical term or geographic name as entry element الراديو
650 17 - SUBJECT ADDED ENTRY--TOPICAL TERM
Topical term or geographic name as entry element المعاجم
650 17 - SUBJECT ADDED ENTRY--TOPICAL TERM
Topical term or geographic name as entry element الهندسة الألكترونية
942 ## - ADDED ENTRY ELEMENTS (KOHA)
Source of classification or shelving scheme Dewey Decimal Classification
Koha item type مراجع
المقتنيات
حالة السحب حالة الفقدان مصدر التصنيف حالة التلف غير قابل للإعارة المكتبة الرئيسية المكتبة الحالية موقع الرف تاريخ التزويد الرقم المتسلسل Total Checkouts رقم الإستدعاء الباركود تاريخ آخر ظهور تاريخ الفاتورة نوع المادة (كوها)
    Dewey Decimal Classification   Not For Loan مكتبة أم قصير والمقابلين العامة مكتبة أم قصير والمقابلين العامة مراجع 06/11/2014 [ 1837 ]   م/621.38103،بدر PLD00359248 28/07/2025 06/11/2014 مراجع
    Dewey Decimal Classification   Not For Loan مكتبة صويلح العامة مكتبة صويلح العامة مراجع 03/10/2019 00002746   م/621.38103،بدر PLD00470335 28/07/2025 03/10/2019 مراجع
Implemented & Customized by: BBB with SCIT (Smart Chains for Information Technology)

Powered by Koha